000 00532nam a2200181Ia 4500
005 20250508155647.0
008 008 250505s9999 xx 000 0 hin d
037 _aBooks to be hide in OPAC
040 _aFEDL
_beng
_cFEDL
041 _ahin
_2hin
084 _a370.954, IND/O
_qFEDL
100 _aNayak J P
_9767213
245 0 _aSheshik aayojan ki ek nae dhisha
260 _aBhopal, India
_bKshetriya Shiksha Mahavidyalaya
300 _aiii,16p.
942 _cHB
_h370.954, IND/O
999 _c1358599
_d1358599